Návrh opatrení na zefektívnenie metódy 5S v priemyselnom podniku

Enregistré dans:
Détails bibliographiques
Auteur principal: Durecová, Silvia (Auteur)
Autres auteurs: Horňáková, Natália (Directeur de thèse)
Format: Manuscrit Livre
Langue:slovaque
Publié: 2018
Sujets:
Accès en ligne:http://is.stuba.sk/zp/portal_zp.pl?podrobnosti=123751
Tags: Ajouter un tag
Pas de tags, Soyez le premier à ajouter un tag!

MARC

LEADER 00000ntm a22000003a 4500
001 stuzp68234
003 SK-STU
005 20180820160217.9
007 ta
008 150427s2015----xo-----f-mn---000-0-slo-d
040 |a STU  |b slo 
041 0 |a slo 
100 1 |a Durecová, Silvia  |u 064000  |4 aut  |U MTF Materiálovotechnologická fakulta  |T MTF Ústav priemyselného inžinierstva a manažmentu  |X 80383  |U M4000  |Y 84  |7 80383 
242 0 1 |a The proposal for measures to improve the 5S method in an industrial enterprise  |y eng 
245 1 0 |a Návrh opatrení na zefektívnenie metódy 5S v priemyselnom podniku 
260 |c 2018 
650 4 |a metóda 5S  |2 slo 
650 4 |a Lean  |2 slo 
650 4 |a štíhla výroba  |2 slo 
650 4 |a plytvanie  |2 slo 
650 4 |a Lean  |2 eng 
650 4 |a lean manufactoring  |2 eng 
650 4 |a wasting  |2 eng 
650 4 |a 5S method  |2 eng 
700 1 |a Horňáková, Natália  |u 064000  |k Z1  |4 ths  |U MTF Materiálovotechnologická fakulta  |T MTF Ústav priemyselného inžinierstva a manažmentu  |X 38384  |U M4000  |Y 84  |7 A000038384 
856 4 |u http://is.stuba.sk/zp/portal_zp.pl?podrobnosti=123751 
996 |c M* BP-8430  |l MMSKP  |s P  |a 0  |w stuzp68234_0001